Mi amigo conejo / (Registro nro. 3338)
[ vista simple ]
| 000 -LEADER | |
|---|---|
| fixed length control field | 01156nam a2200277Ia 4500 |
| 003 - CONTROL NUMBER IDENTIFIER | |
| control field | OSt |
| 005 - DATE AND TIME OF LATEST TRANSACTION | |
| control field | 20200330125630.0 |
| 008 - FIXED-LENGTH DATA ELEMENTS--GENERAL INFORMATION | |
| fixed length control field | 191128t2006 ck a ar 000 1 spa d |
| 020 ## - INTERNATIONAL STANDARD BOOK NUMBER | |
| International Standard Book Number | 9789585749450 |
| 040 ## - CATALOGING SOURCE | |
| Original cataloging agency | CO-JMCR |
| Transcribing agency | CO-JMCR |
| 041 1# - LANGUAGE CODE | |
| Language code of text/sound track or separate title | spa |
| 082 04 - DEWEY DECIMAL CLASSIFICATION NUMBER | |
| Classification number | A / |
| Item number | ROHm |
| 100 ## - MAIN ENTRY--PERSONAL NAME | |
| Personal name | Rohmann, Eric, |
| Relator term | autor |
| 9 (RLIN) | 2077 |
| 245 13 - TITLE STATEMENT | |
| Title | Mi amigo conejo / |
| Statement of responsibility, etc. | Eric Rohmann |
| 250 ## - EDITION STATEMENT | |
| Edition statement | Edición especial |
| 260 ## - PUBLICATION, DISTRIBUTION, ETC. | |
| Place of publication, distribution, etc. | Bogotá : |
| Name of publisher, distributor, etc. | Ediciones Castillo, |
| Date of publication, distribution, etc. | ©2006 |
| 300 ## - PHYSICAL DESCRIPTION | |
| Extent | [30] páginas sin numerar : |
| Other physical details | ilustraciones a color ; |
| Dimensions | 20 am. x 27 cm. |
| 490 0# - SERIES STATEMENT | |
| Series statement | Primera Infancia del Ministerio de Cultura |
| 500 ## - GENERAL NOTE | |
| General note | Ganador del Premio Caldecott al mejor libro ilustrado. Plan Nacional de Lectura y Escritura Leer es mi Cuento, 2012. |
| 520 0# - SUMMARY, ETC. | |
| Summary, etc. | Mi amigo conejo siempre tiene grandes ideas. Pero haga lo que haga, vaya a donde vaya, lo siguen los problemas. Claro que conejo siempre encuentra una solución. O al menos eso es lo que él cree. |
| 521 ## - TARGET AUDIENCE NOTE | |
| Target audience note | Recomendado para mayores de 2 años. |
| 546 ## - LANGUAGE NOTE | |
| Language note | spa |
| 650 14 - SUBJECT ADDED ENTRY--TOPICAL TERM | |
| Topical term or geographic name entry element | Cuentos infantiles estadounidense -- |
| 9 (RLIN) | 2078 |
| 650 14 - SUBJECT ADDED ENTRY--TOPICAL TERM | |
| Topical term or geographic name entry element | Animales en la literatura -- |
| General subdivision | cuento |
| 9 (RLIN) | 2080 |
| 942 ## - ADDED ENTRY ELEMENTS (KOHA) | |
| Source of classification or shelving scheme | Dewey Decimal Classification |
| Koha item type | Books |
| Withdrawn status | Lost status | Source of classification or shelving scheme | Damaged status | Not for loan | Collection code | Home library | Current library | Date acquired | Source of acquisition | Cost, normal purchase price | Total Checkouts | Total Renewals | Full call number | Barcode | Date last seen | Date last checked out | Copy number | Koha item type |
|---|---|---|---|---|---|---|---|---|---|---|---|---|---|---|---|---|---|---|
| Dewey Decimal Classification | Fiction | Biblioteca Pública José María del Castillo y Rada | Biblioteca Pública José María del Castillo y Rada | 11/28/2019 | Donación | 0.00 | 13 | 1 | A / ROHm | 201806987 | 03/06/2026 | 03/06/2026 | Ej.1 | Books |